000 00679nam a22002177a 4500
005 20170124110008.0
010 _aA-389426
020 _c00.00
035 _aA-389426
037 _bCen Lib/Ret
040 _aDPL
_bEN
082 _a370
_bSIN
100 _aSingh, H. M.
_917277
245 _aLeadership in education /
_cby H. M. Singh
260 _aNew Delhi
_bKitab Mahal
_c1990
270 _bNew Delhi
_a28, Netaji Subhash Marg, Darya Ganj
_e110002
300 _a97p.
_c20cm(Hb)
650 _aHigh school principals -- India -- Haryana -- Evaluation
_917278
650 _aLeadership -- India -- Haryana -- Evaluation
_917279
942 _2ddc
_cEN
_h370
_mSIN
999 _c126342
_d126342